ŠKOLÁM MLIEKO

Bibliographic Details
Main Author: Macko, Gabriel, 1925-1987 (Author)
Format: Article
Language:Slovak

MARC

LEADER 00000nab a2200000 a 4500
001 vtls011730194
003 SK-MaSNL
005 20260303112446.0
008 230121|1967 xo |||||||||||||||||slo
015 |a SNBRB 
035 |a (urnnbn)urn:nbn:sk:snk:ar-a05wh9 
035 |a urn:nbn:sk:snk-abf85u 
035 |a (uuid)ea727738-597e-4469-9bc6-d677e7615466 
040 |a SNKBUCL  |b slo  |c SNKBUCL  |e AACR2 
041 0 |a slo 
044 |a xo  |c SK 
100 1 |a Macko, Gabriel,  |d 1925-1987  |4 aut  |9 189868 
245 1 0 |a ŠKOLÁM MLIEKO  |c Gabriel Macko 
773 0 |t Výživa a zdravie : časopis pre výživu a zdravý životný štýl  |g Roč. 12, č. 8 (1967), s. 171-172 
954 |a odborná, vedecká literatúra pôvodná (slovenská)  |2 lita 
958 |a OND 
958 |a EUIPO 
958 |a article24 
999 |c 1884635  |d 1886565